Quizzes
Events
Quiz Creation
Community
Videos
Private Events
Remove Ads
Sign In
Join for FREE
Feedback
Dark Mode
Quiz Categories
Sports
Geography
Music
Movies
Television
Just For Fun
Miscellaneous
History
Literature
Language
Science
Gaming
Entertainment
Religion
Holiday
For Kids
Quiz Lab
Recent
Popular Today
Quiz Kudos Today
Editor Picks
Curator Picks
Quizzes by...
Day
Popularity
Type
Ratings
Length
Year
Community
Subscriptions
Recent Discussions
Orange Saloon
Badges
Playlists
Quests
Create
Leaderboards
Showdown
Live 5
Trivia Bingo
Activity
Puzzle Library
Sporcle Events
Private Events
Virtual Trivia
Globe League
Become a Host
Pub Owners
SporcleCon
Opinionation
Our Games
Videos
Blog
Mobile Apps
Partnerships
Remove Ads and Go Orange
Feedback
Miscellaneous
Crossword
General Knowledge
Baby Names
Logo
Food
Cars
Numbers
Grab Bag
University
College
Popular
Company
Slogans
Restaurants
Justice
Letter
Miscellaneous
Crossword
General Knowledge
Baby Names
Logo
Food
Cars
Numbers
Grab Bag
University
College
Popular
Company
Slogans
Restaurants
Justice
Letter
Random Quiz
Search Sporcle
×
Quiz Lab
Quiz Lab
Miscellaneous
Certification
Click on answers out of a set of options
Click on answers out of a set of options
Multiple Choice
Best Score? Go Orange.
Epic Knowledge Quiz 2 Stats
Can you name these epic facts?
By
HCtec
10m
10 Questions
11 Plays
11 Plays
11 Plays
Comments
Comments
Give Quiz Kudos
Give Quiz Kudos
-
- Ratings
hide this ad
Random Order
Randomize order of answers
Randomize order of answers
Replay
Link that replays current quiz
Next Quiz
Link to next quiz in quiz playlist
You Got
0%
They Got
Avg Score
64%
Avg Friend Score
Upgrade to see
Score Distribution
Jump to the score distribution portion of the page
Score
0/10
Timer
10:00
0
Plays Today
Question
Answer
Wrong Answers
What is Epic Care Everywhere?
the network by which patient records are shared between different Healthcare organizations
81.8%
The version of Epic geared towards Dermatology practices
0%
The version of Epic geared towards audiology practices
0%
The portion of epic one would run a clarity report
0%
how does someone get Epic certified?
a person needs to be enrolled in the 6 week course and then pass tests to become certified in the module they will be working in.
81.8%
Graduate from Epic college
9.1%
an Epic Apprentiship
0%
Win an Epic gameshow
0%
What is Epic Caboodle?
Refers to the data warehouse and analytical tools used to store and retrieve large amounts of clinical data.
72.7%
Caboodle alludes to the space in which doctors and patients receive their information from the Epic system
0%
Tool to record Patient Efficiency Rating or PER
9.1%
All of these
18.2%
What is Epic Wisdom?
Epic version for Dentist
72.7%
Epic version for Senior Citizen patients
9.1%
Division of epic that has the answers to basic Epic problems
9.1%
None of the Above
0%
What is Epic Bones?
Epic’s offering for Orthopedics and Sports Medicine.
63.6%
Epics version of storing non threatening injury data
18.2%
The 'Temperance Brennan' version of the software
0%
None of these
18.2%
What devices can use Epic Haiku?
Android Devices, Apple Devices
63.6%
Android Devices, Linux Devices
0%
Apple Devices, Linux Devices
18.2%
Huawei Devices, Android Devices
9.1%
Which one of these is NOT one of the three main functions of an Epic Applications Coordinator?
run system diagnostics reports
63.6%
Gathering requirements (analyze the workflows)
9.1%
configure the software
9.1%
support users with questions about the software.
9.1%
What does the Phoenix portion of Epic refer to?
Transplant Information System
54.5%
Oncology Information System
18.2%
Ophthalmology Information System
0%
Obstetrics/L&D Information System
0%
What is Epic Sonnet?
all of these
54.5%
a trimmed-down version of the main clinical application
18.2%
a version of Epic aimed for organizations that dont need the full featured version
18.2%
a version of epic aimed for organizations that cant afford the full version
0%
What is NOT part of the Beaker Clinical Pathology?
Anatomic Financing
36.4%
Mobil Lab
18.2%
OutReach
9.1%
Reference Lab Billing
18.2%
Quiz Playlist
Details
Report
Send in Message
Add To Playlist
Multiple Choice:
Click on answers out of a set of options
Random Order:
Randomize order of answers
Last Updated: Sep 24, 2019
Quiz Scoreboard
CHALLENGE
Sign Up to Join the Scoreboard
Show All
Scores
Hide
Comments
May contain spoilers
Recently Published
Movies - When Are They Set?
by FPL_Elf
Movies
5m
Popular People in 1961
by mucciniale
History
6m
1-10 Letter E Words III
by El_Dandy
Language
2m
More to Explore
Quiz From the Vault
Featured Blog Post
Where Did the Easter Bunny Come From?
hide this ad
You Might Also Like...
Tags
Certification
Today's Top Quizzes in Miscellaneous
Browse Miscellaneous
hide this ad
Top Contributed Quizzes in Miscellaneous
1
The JOE quick-fire general knowledge quiz: Day 173
2
The JOE quick-fire general knowledge quiz: Day 172
3
Sunday Crossword: Famous Bodies of Water
4
The JOE quick-fire general knowledge quiz: Day 171
5
One Thing in Common: United Kingdom II
6
Named After an Animal - Odd One Out!
7
sort kpop groups by number of members
8
The JOE quick-fire quiz: Day 170
9
Sunday Crossword: Themeless #5
10
Lays Potato Chip Flavour Contest Finalists
Explore More
Trending Topics
Crossword
Anime
Harry Potter
Marvel
Disney
NBA
Kpop
Soccer
Pokémon
WWE
The Office
Country
Puzzle
NFL
Song
hide this ad
More By:
HCtec
Quiz
Plays
Rating
Category
Featured
Created
Test Your Epic Knowledge
30
1.00
Miscellaneous
Sep 23, 2019
Epic Knowledge Quiz 2
11
Miscellaneous
Sep 24, 2019
Go to Creator's Profile
Score Distribution
Quiz Creator Spotlight
HCtec
Follow
Send a Message
Quizzes Created
-
Created Quiz Play Count
-
More By This Creator
Popular Quizzes Today
1
Find the US States - No Outlines Minefield
2
Find the Countries of Europe - No Outlines Minefield
3
The Countries of the World
4
Popular People in 1961
5
1-10 Letter E Words III
6
US States
7
Find the US States
8
One Thing in Common: World Cities II
More Miscellaneous Quizzes
Irish Wisdom
Curator's Pick
Trending Quizzes
Risky Map Clicking: Least Populous States A-Z
1-10 Letter F Words
1-10 Letter G Words
One Thing in Common: United Kingdom
Risky Map Clicking: Next State Alphabetically
Recently Updated
Leaping Animals
pecheneg
Reality TV Shows (A-Z)
bhenderson79
Rickey Henderson's Hall of Fame Teammates
pecheneg
Champions League XIs: Arsenal
pecheneg
Quick Pick: Celebrities in WWE's Hall of Fame
aduchscher
A-Z Keypad Blitz II
pecheneg
Multiple Oscar Actors
pecheneg
Mystery Phrase Blitz: Oscar 'Best Actors'
pecheneg
F. Scott Fitzgerald Novels
LTH
Pick 3 Villains
ddd62291
Trending Topics
Disney
Kpop
Marvel
Anime
Crossword
Harry Potter
NBA
The Office
Song
WWE
Soccer
NFL
Puzzle
Pokémon
Country
Your Account Isn't Verified!
In order to create a playlist on Sporcle, you need to verify the email address you used during registration. Go to your
Sporcle Settings
to finish the process.
Report this User
Report this user for behavior that violates our
Community Guidelines
.
Details:
Send Report
Go to the Sporcle.com Mobile Site →
Comments